U21 Women's World Junior Curling Championship Winners - Statistics

General Stats
  • This quiz has been taken 3 times
  • The average score is 7 of 9
Answer Stats
Answer % Correct
Canada
100%
Russia
100%
Sweden
100%
United States
100%
Japan
67%
Norway
67%
South Korea
67%
Switzerland
67%
Scotland
33%
No matching quizzes found
Score Distribution
Percent of People with Each Score
Percentile by Number Answered
Your Score History
You have not taken this quiz